[Event "Porto San Giorgio op 18th"]
[Site "Porto San Giorgio"]
[Date "2006.08.27"]
[Round "7"]
[White "Gargano, Lino"]
[Black "Di Censo, Angelo"]
[Result "1-0"]
[WhiteElo "1918"]
[BlackElo "1660"]
[PlyCount "35"]
[EventDate "2006.08.21"]
[EventType "swiss"]
[EventRounds "9"]
[EventCountry "ITA"]
[SourceTitle "CBM 113 Extra"]
[Source "ChessBase"]
[SourceDate "2006.09.14"]
[SourceVersion "1"]
[SourceVersionDate "2006.09.14"]
[SourceQuality "1"]

1. d4 Nf6 2. c4 e6 3. e3 b6 4. Nc3 Bb7 5. f3 Bb4 6. Nge2 d5 7. a3 Bd6 8. cxd5 Nxd5 9. Ne4 0-0 10. N2g3 Re8 11. Bc4 e5 12. Nxd6 Qxd6 13. 0-0 exd4 14. Qxd4 c5 15. Qd3 Qe5 16. Qb3 Ba6 17. Bxd5 Bxf1 18. Nxf1 1-0